BOOKLYST SENIOR SCHOOL MASTER ENGLISH (Record no. 216745)

MARC details
000 -LEADER
fixed length control field 00484nam a22001697a 4500
008 - FIXED-LENGTH DATA ELEMENTS--GENERAL INFORMATION
fixed length control field 260303b |||||||| |||| 00| 0 eng d
020 ## - INTERNATIONAL STANDARD BOOK NUMBER
International Standard Book Number 978 9914 51 208 3
050 ## - LIBRARY OF CONGRESS CALL NUMBER
Classification number PE 1128.N74 2026
100 ## - MAIN ENTRY--PERSONAL NAME
Personal name NTHIGA PURITY M.
245 ## - TITLE STATEMENT
Title BOOKLYST SENIOR SCHOOL MASTER ENGLISH
260 ## - PUBLICATION, DISTRIBUTION, ETC.
Place of publication, distribution, etc. NAIROBI,KENYA
Name of publisher, distributor, etc. BOOKLYST PRESS LIMITED
Date of publication, distribution, etc. 2026
300 ## - PHYSICAL DESCRIPTION
Extent 333P.
650 ## - SUBJECT ADDED ENTRY
Topical term or geographic name entry element ENGLISH LANGUAGE
700 ## - ADDED ENTRY--PERSONAL NAME
Personal name GANIJI HOPESTELLAH ,COLLINCE OJWANG
942 ## - ADDED ENTRY ELEMENTS (KOHA)
Source of classification or shelving scheme Library of Congress Classification
Koha item type Long Loan Book
Holdings
Withdrawn status Lost status Source of classification or shelving scheme Damaged status Not for loan Collection Home library Current library Shelving location Date acquired Inventory number Total checkouts Full call number Barcode Date last seen Copy number Price effective from Koha item type
    Library of Congress Classification     Arts & Social Sciences Kisii University Library Kisii University Library On Display 03/03/2026 112267   PE 1128.N74 2026 A000612 03/03/2026 C.1 03/03/2026 Long Loan Book
    Library of Congress Classification     Arts & Social Sciences Kisii University Library Kisii University Library On Display 03/03/2026 112268   PE 1128.N74 2026 A000611 03/03/2026 C.2 03/03/2026 Long Loan Book
    Library of Congress Classification     Arts & Social Sciences Kisii University Library Kisii University Library On Display 03/03/2026 112269   PE 1128.N74 2026 A000614 03/03/2026 C.3 03/03/2026 Long Loan Book
    Library of Congress Classification     Arts & Social Sciences Kisii University Library Kisii University Library On Display 03/03/2026 112270   PE 1128.N74 2026 A000613 03/03/2026 C.4 03/03/2026 Long Loan Book
    Library of Congress Classification     Arts & Social Sciences Kisii University Library Kisii University Library On Display 03/03/2026 112271   PE 1128.N74 2026 A000616 03/03/2026 C.5 03/03/2026 Long Loan Book